00423nam a2200157 a 45000010005000000030009000050080041000140400028000550820015000831000019000982450050001172600031001673000010001984900030002086500027002382607CO-ViMGA141112s2004 ck r 000 u spa d aCO-ViMGAbspacCO-ViMGA04a809.7 F7381 aFreud, Sigmund10aEl chiste y su relación con lo inconsciente aMadrid : bAlianza, c1996 a225 p aEl libro de bolsillo, 16214aHUMANISMO - PSICOLOGIA